000 00492cam a22001814a 4500
005 20250605164253.0
008 250528s ||||||||||||||||||||||||d
035 _a21828
040 _aGR-AtMCL
_bgre
_dGR-AtMCL
_eAACR2
245 1 _aΣΥΝΕΝΤΕΥΞΗ: ΤΕΧΝΙΚΗ ΚΑΙ ΟΡΙΟΘΕΤΗΣΕΙΣ
250 _a1
260 _bΓερμανος,
_c1995
300 _a142
700 1 _aΣτρατακης Μιχαλης
_95850
942 _cBK
999 _c6887
_d6887